LEADER 01342nam 2200373 450 001 9910130640403321 005 20160620170944.0 035 $a(CKB)3400000000020378 035 $a(ItFiC)it 09706445 035 $a(EXLCZ)993400000000020378 100 $a20091204d2008 uy 0 101 0 $aita 200 03$aLa ricerca interdisciplinare tra antropologia urbana e urbanistica$b[electronic resource] $eseminario sperimentale di formazione /$fa cura di Costanza Caniglia Rispoli, Amalia Signorelli 205 $a1. ed. 210 $aMilano $cGuerini scientifica$d2008 215 $a207 p. $cill. 24 cm 300 $aPapers resulting from the seminar. 311 $a88-8107-261-0 320 $aIncludes bibliographical references. 517 $aRicerca interdisciplinare tra antropologia urbana e urbanistica 517 $aLa ricerca interdisciplinare tra antropologia urbana e urbanistica 606 $aUrban anthropology 606 $aCity planning 615 0$aUrban anthropology. 615 0$aCity planning. 676 $a307 701 $aCaniglia Rispoli$b Costanza$06396 701 $aSignorelli$b Amalia$0143150 801 0$bItFiC 801 1$bItFiC 906 $aBOOK 912 $a9910130640403321 996 $aLa ricerca interdisciplinare tra antropologia urbana e urbanistica$92437909 997 $aUNINA LEADER 00845nam a2200253 i 4500 001 991000090469707536 005 20020509161940.0 008 010514s1970 it ||| | ita 035 $ab11309489-39ule_inst 035 $aPARLA201674$9ExL 040 $aDip.to Filosofia$bita 082 0 $a966.5 100 1 $aLedda, Romano$0250163 245 14$aUna rivoluzione africana /$cRomano Ledda 260 $aBari :$bDe Donato,$c1970 300 $a134 p. ;$c18 cm. 490 0 $aAtti. N.s. ;$v20 650 4$aGuinea portoghese$y1960-1970 907 $a.b11309489$b23-02-17$c01-07-02 912 $a991000090469707536 945 $aLE005IF XVII A 8$g1$iLE005IFA-3832$lle005$o-$pE0.00$q-$rl$s- $t0$u0$v0$w0$x0$y.i11478421$z01-07-02 996 $aRivoluzione africana$9234937 997 $aUNISALENTO 998 $ale005$b01-01-01$cm$da $e-$fita$git $h4$i1